000 00268nam a2200085Ia 4500
008 170620s9999 xx 000 0 und d
100 _aSharma- Surendra Kumar (Hindi)
245 0 _aShaikshik Prabandh aur vidhyalaya Prasasan (Hindi)
260 _bNew Delhi- Discovery Publishing House
260 _c2005
999 _c24530
_d24530